Słoweńscy skoczkowie w sezonie 2019-2020 - Statystyki

Ogólne statystyki
  • Ten quiz został rozwiązany 172 razy
  • Średni wynik to 7 z 13
Statystyki odpowiedzi
Lp. Odpowiedź % Poprawnych
3. Domen Prevc
100%
5. Cene Prevc
88%
1. Peter Prevc
88%
2. Anže Lanišek
73%
4. Timi Zajc
67%
6. Anže Semenič
56%
7. Žiga Jelar
45%
10. Jurij Tepeš
39%
9. Tilen Bartol
36%
11. Bor Pavlovčič
33%
8. Rok Justin
30%
12. Žak Mogel
21%
13. Jaka Hvala
19%
Nie znaleziono quizów pasujących do podanych kryteriów
Rozkład punktacji
Procent ludzi z każdym wynikiem
Percentyl według liczby udzielonych odpowiedzi
Twoja historia wyników
Nie rozwiązałeś tego quizu